| 000 | 00425nam a22001337a 4500 | ||
|---|---|---|---|
| 008 | 150331b xxu||||| |||| 00| 0 eng d | ||
| 050 | _aSPC DT3227.C542 | ||
| 100 |
_aChisiza, Danduzu.K. _916818 |
||
| 245 |
_aAfrica - what lies ahead _c/ by Dunduzu K. Chisiza |
||
| 260 |
_aNew Delhi _bIndia Council for Africa _c1961 |
||
| 300 |
_a64p. ; _c22cm. |
||
| 650 |
_aMalawi _xPolitics _y1953-1964 _916819 |
||
| 942 |
_2lcc _cMONOGRAPH |
||
| 999 |
_c122563 _d122563 |
||